| 000 | 00938nam a2200241 i 4500 | ||
|---|---|---|---|
| 001 | 21431 | ||
| 003 | ES-MaACL | ||
| 005 | 20250808090126.0 | ||
| 007 | t| | ||
| 008 | 021125s1984 sp |||| | spa d | ||
| 100 | 1 |
_aAlcalá Galiano, Antonio, _d1789-1865 _919459 |
|
| 245 | 1 | 0 |
_aLecciones de derecho político / _cAntonio Alcalá Galiano ; estudio preliminar por Ángel Garrorena Morales. |
| 260 |
_aMadrid : _bCentro de Estudios Constitucionales, _c1984. |
||
| 300 |
_aLIX, 348 p. : _bretr. autor ; _c22 cm. |
||
| 490 | 1 |
_aClásicos del constitucionalismo español ; _v3 |
|
| 650 | 0 | 4 |
_aDerecho político- _zEspaña- _yS.XIX. _911759 |
| 650 | 0 | 7 |
_aDerecho constitucional _2embne _911680 |
| 700 | 1 |
_aGarrorena Morales, Ángel. _955783 |
|
| 710 | 2 |
_aCentro de Estudios Constitucionales (España) _92618 |
|
| 830 | 1 |
_aClásicos del constitucionalismo español ; _v3 _9185739 |
|
| 852 |
_aES-MaACL _jL-8027 |
||
| 999 |
_c21431 _d21431 |
||